000
00298nam a2200121Ia 4500
008
190216s9999||||xx |||||||||||||| ||und||
100
_a
Madan Rl & Tuli Gd
245
0
_a
Inorganic Chemistry (question And Answers)
260
_b
S Chand & Co
300
_a
706
650
_a
Chemistry
942
_c
BK
999
_c
3373
_d
3373